Jindal journal of business research (Record no. 199057)

MARC details
000 -LEADER
fixed length control field 00438nam a22001577a 4500
003 - CONTROL NUMBER IDENTIFIER
control field dpl
005 - DATE AND TIME OF LATEST TRANSACTION
control field 20231113122415.0
008 - FIXED-LENGTH DATA ELEMENTS--GENERAL INFORMATION
fixed length control field 231113b |||||||| |||| 00| 0 eng d
022 ## - INTERNATIONAL STANDARD SERIAL NUMBER
International Standard Serial Number 2278-6821
024 ## - OTHER STANDARD IDENTIFIER
Terms of availability 2420.00
028 ## - PUBLISHER NUMBER
Publisher number sage publication
245 ## - TITLE STATEMENT
Title Jindal journal of business research
Statement of responsibility, etc Anirban ganguly
Medium English
260 ## - PUBLICATION, DISTRIBUTION, ETC. (IMPRINT)
Place of publication, distribution, etc New Delhi
Name of publisher, distributor, etc sage publication
Date of publication, distribution, etc 2023
300 ## - PHYSICAL DESCRIPTION
Extent vol.12 no.2
Other physical details ill
Dimensions 24cm.
942 ## - ADDED ENTRY ELEMENTS (KOHA)
Source of classification or shelving scheme Dewey Decimal Classification
Item type Periodicals
Call number suffix JIN
Serial record 1
Holdings
Withdrawn status Lost status Source of classification or shelving scheme Damaged status Not for loan Collection code Home library Current library Shelving location Date acquired Source of acquisition Cost, normal purchase price Total Checkouts Full call number Date last seen Copy number Price effective from Koha item type
    Dewey Decimal Classification   Not For Loan Non-fiction Central Library Central Library On Display 13/11/2023 DBAD/PUB 2420.00   JIN 13/11/2023 1 13/11/2023 Periodicals

© Delhi Public Library
Hit Counter
free hit counter